000 00670nam a2200241 a 4500
005 20210219152846.0
008 991125n 000 0 spa u
035 _aUPN01000063587
100 1 _aBittencourt Brum, Daniel de
222 _aEDUCACION
245 _aAlgunos criterios para la confección de programas de computadora para la enseñanza
260 _aCuba
300 _a34-37
362 0 _a1987 Año 17, no. 64, ene.-mar.
653 0 _aCOMPUTACION
653 0 _aENSEÑANZA
653 0 _aSOFTWARE EDUCATIVO
653 0 _aTECNOLOGIA EDUCATIVA
700 1 _aVega Belmonte, Aimee,
700 1 _ecoaut.
904 _aAC
_b001398
905 _aArticulo
999 _c62211
_d62211